000 01050nam a2200217Ii 4500
003 JO-AjNU
008 230605s9999||||xx |||||||||||||| ||und||
017 _a2018/5/2326
040 _aJO-AjNU
_bara
_erda
_cJO-AjNU
041 _aara
050 1 4 _aDS39.A218.2018
100 3 _aجمع وتحقيق ودراسة محمود، ايمن احمد؛ شراف محمد عدنان البخيت، هند غسان ابو الشعر,
_eauthor
_959485
245 0 0 _aأخبار الثورة العربية الكبرى في الصحافة المصرية 1916-1918م
264 3 1 _aعمان، مركز الوثائق والمخطوطات ودراسات بلاد الشام، 2018
300 _a576ص
_bيحتوي على كشافات الاماكن من ص562-576
336 _atext
_btxt
_2rdacontent
337 _aunmediated
_bn
_2rdamedia
338 _avolume
_bnc
_2rdacarrier
490 0 _aمصادر تاريخ الثورة العربية الكبرى1
650 4 _aالثورة العربية الكبرى-تاريخ-الصحافة المصرية
_959486
999 _aA26771
_c30339
_d30339